NFL Stadiums - Statistics

General Stats
  • This quiz has been taken 451 times
  • The average score is 11 of 32
Answer Stats
Team Year Stadium % Correct
Packers 1957 Lambeau Field
81%
Chiefs 1972 Arrowhead Stadium
58%
Saints 1975 Mercedes-Benz Superdome
56%
49ers 1960 Candlestick Park
54%
Giants 2010 MetLife Stadium
52%
Jets 2010 MetLife Stadium
52%
Steelers 2001 Heinz Field
50%
Patriots 2002 Gillette Stadium
49%
Broncos 2001 Sports Authority Field at Mile High
48%
Bears 2003 Soldier Field
45%
Lions 2002 Ford Field
43%
Colts 2008 Lucas Oil Stadium
41%
Redskins 1997 FedEx Field
38%
Falcons 1992 Georgia Dome
32%
Vikings 1982 Herbert H. Humphrey Metrodome
31%
Eagles 2003 Lincoln Financial Field
30%
Cowboys 2009 Cowboys Stadium
29%
Bengals 2000 Paul Brown Stadium
28%
Buccaneers 1998 Raymond James Stadium
27%
Ravens 1998 M&T Bank Stadium
26%
Panthers 1996 Bank of America Stadium
25%
Chargers 1967 Qualcomm Stadium
24%
Seahawks 2002 CenturyLink Field
21%
Dolphins 1987 Sun Life Stadium
21%
Bills 1973 Ralph Wilson Stadium
20%
Raiders 1966 O.co Coliseum
17%
Texans 2002 Reliant Stadium
16%
Rams 1995 Edward Jones Dome
14%
Jaguars 1995 EverBank Field
11%
Titans 1999 LP Field
11%
Browns 1999 Cleveland Browns Stadium
8%
Cardinals 2006 University of Phoenix Stadium
6%
No matching quizzes found
Score Distribution
Percent of People with Each Score
Percentile by Number Answered
Your Score History
You have not taken this quiz